000 00690nam a2200253Ia 4500
003 OSt
005 20221005052639.0
006 a|||||r|||| 00| 0
007 ta
008 221004b |||||||| |||| 00| 0 eng d
024 _a32541
037 _cTextual
040 _aCRL
_cCRL
_beng
041 _2eng
_aeng
082 _aO:1H40 :9, K21
100 _aSalter Elizabeth
_9490723
245 0 _aChaucer
_bThe Knight's tale and the Clerk's tale
260 _aLondon
_bEdward Arnold
_c1962
300 _a71p.
_ccm.
650 _a ENGLISH POETRY
650 _aENGLISH LITERATURE
942 _hO:1H40 :9, K21
_cTEXL
_2cc
999 _c960746
_d960746